000 01043cam a22002891i 4500
003 SA-RiAUC
005 20241209143309.0
008 241206s1980 sy b g 00010 ara c
040 _aSA-RiAUC
_bara
_cSA-RiAUC
_erda
043 _aa-su---
082 0 4 _a252.5
_qSA-RiAUC
090 _a252.5
_bط ن ط
100 1 _aالطنطاوي، علي مصطفى محمد،
_d1909-1999
_eمؤلف.
245 1 0 _aمن نفحات الحرم /
_cعلي الطنطاوي.
264 1 _aدمشق :
_bدار الفكر،
_c1980
300 _a144 صفحة :
_bخرائط ؛
_c24 سم
336 _aنص
_btxt
_2rdacontent
_3كتاب
337 _aبدون وسيط
_bn
_2rdamedia
338 _aمجلد
_bnc
_2rdacarrier
650 7 _aالحج
_2aucsh
650 7 _aالعمرة
_2aucsh
650 7 _aالمزارات الإسلامية
_2aucsh
651 7 _aالحجاز (السعودية)
_xوصف ورحلات
_2aucsh
651 7 _aمكة المكرمة
_xوصف ورحلات
_2aucsh
942 _2ddc
_cBOOK
_n0
949 _aSA-JeALM
_d241206
_umohamedma123
_n1
999 _c3199
_d3199